[Event "Titled Tuesday intern op 08th Aug Late"]
[Site "Chess.com INT"]
[Date "2023.08.08"]
[Round "9"]
[White "Biliy, Vadim"]
[Black "Ortmann, David"]
[Result "0-1"]
[WhiteElo "2331"]
[BlackElo "2310"]
[PlyCount "96"]
[EventDate "2023.08.08"]
[EventType "swiss (blitz)"]
[EventRounds "11"]
[EventCountry "USA"]
[SourceTitle "EXT 2024"]
[Source "ChessBase"]
[SourceDate "2023.10.10"]
[SourceVersion "1"]
[SourceVersionDate "2023.10.10"]
[SourceQuality "1"]

1. d4 d5 2. Nf3 Nf6 3. e3 Bg4 4. c4 c6 5. Nbd2 e6 6. Be2 Be7 7. h3 Bh5 8. Ne5 Bxe2 9. Qxe2 0-0 10. 0-0 Nbd7 11. Ndf3 Nxe5 12. Nxe5 a5 13. Bd2 a4 14. f3 c5 15. Bc3 dxc4 16. Qxc4 Nd5 17. Rae1 a3 18. e4 Nb6 19. Qd3 axb2 20. dxc5 Bxc5+ 21. Kh1 Rxa2 22. Qb1 Qa8 23. Bxb2 Qa6 24. Rc1 Be3 25. Rce1 Bf4 26. Nd3 Bg3 27. Rd1 Ra8 28. Nb4 Rxb2 29. Qxb2 Qb5 30. Nd3 Qxb2 31. Nxb2 h6 32. Rb1 Ra2 33. Nd3 Nc4 34. Rxb7 Ne3 35. Rg1 Rd2 36. Nc5 Bf2 37. Rbb1 Bxg1 38. Rxg1 Nc2 39. Nb3 Re2 40. Nc1 Rd2 41. Nb3 Rd3 42. Nc1 Rc3 43. Ne2 Rc4 44. Nf4 Ne3 45. Re1 Rc3 46. Kg1 g5 47. Nh5 Kh7 48. Kf2 Nc4 0-1

[Event "Titled Tuesday intern op 08th Aug Late"]
[Site "Chess.com INT"]
[Date "2023.08.08"]
[Round "11"]
[White "Bogaudinov, Rushan"]
[Black "Ortmann, David"]
[Result "0-1"]
[WhiteElo "1853"]
[BlackElo "2310"]
[PlyCount "180"]
[EventDate "2023.08.08"]
[EventType "swiss (blitz)"]
[EventRounds "11"]
[EventCountry "USA"]
[SourceTitle "EXT 2024"]
[Source "ChessBase"]
[SourceDate "2023.10.10"]
[SourceVersion "1"]
[SourceVersionDate "2023.10.10"]
[SourceQuality "1"]

1. Nf3 d5 2. d4 Nf6 3. g3 Bf5 4. Bg2 e6 5. 0-0 c6 6. b3 Nbd7 7. Bb2 h6 8. c4 Be7 9. Nc3 0-0 10. Ne5 Nxe5 11. dxe5 Nd7 12. e4 dxe4 13. Nxe4 Qc7 14. Nd6 Bg6 15. b4 Rfd8 16. c5 b6 17. Rc1 bxc5 18. bxc5 Rab8 19. Bd4 Qa5 20. Bxc6 Nf8 21. Qa4 Qd2 22. Rfd1 Qe2 23. Qxa7 Bg5 24. Ra1 Rb4 25. h4 Bxh4 26. gxh4 Qg4+ 27. Kf1 Rxd4 28. Rxd4 Qxd4 29. Re1 Qxh4 30. Bg2 Qh2 31. c6 Bd3+ 32. Re2 Bxe2+ 33. Kxe2 Qxe5+ 34. Ne4 f5 35. f4 Qb5+ 36. Kf2 fxe4 37. Bxe4 Qb2+ 38. Kf3 Qc3+ 39. Qe3 Qxe3+ 40. Kxe3 Kf7 41. a4 Ke7 42. a5 Kd6 43. a6 Ra8 44. c7 Rc8 45. a7 Kxc7 46. a8Q Rxa8 47. Bxa8 Kd6 48. Be4 Ke7 49. Kf3 Kf6 50. Kg4 Ng6 51. Bc2 Ne7 52. Be4 Nd5 53. Bb1 g6 54. Kf3 h5 55. Be4 Ne7 56. Bd3 Nf5 57. Bb1 Nh6 58. Bc2 Ng4 59. Bb1 e5 60. fxe5+ Nxe5+ 61. Kf4 g5+ 62. Kg3 Nf7 63. Bc2 Nh6 64. Kh3 h4 65. Bd1 Ke5 66. Be2 Kf4 67. Bd1 Ng8 68. Bb3 Nf6 69. Bd1 Ne4 70. Be2 Nf2+ 71. Kg2 Ke3 72. Bh5 Ne4 73. Kh3 Kf4 74. Bg4 Nf6 75. Bd1 Nd5 76. Kh2 Ne3 77. Be2 g4 78. Kg1 Kg3 79. Bb5 Nf5 80. Bc6 Nd4 81. Bd5 Nf3+ 82. Kh1 Kf2 83. Be6 g3 84. Bh3 Ne1 85. Bf1 g2+ 86. Kh2 h3 87. Bxg2 hxg2 88. Kh3 g1Q 89. Kh4 Nf3+ 90. Kh3 Qg3# 0-1

[Event "Titled Tuesday intern op 08th Aug Late"]
[Site "Chess.com INT"]
[Date "2023.08.08"]
[Round "7"]
[White "Gulamirian, Korun"]
[Black "Ortmann, David"]
[Result "0-1"]
[WhiteElo "1816"]
[BlackElo "2310"]
[PlyCount "68"]
[EventDate "2023.08.08"]
[EventType "swiss (blitz)"]
[EventRounds "11"]
[EventCountry "USA"]
[SourceTitle "EXT 2024"]
[Source "ChessBase"]
[SourceDate "2023.10.10"]
[SourceVersion "1"]
[SourceVersionDate "2023.10.10"]
[SourceQuality "1"]

1. e4 e6 2. d4 d5 3. Nd2 Be7 4. f4 dxe4 5. Nxe4 Nf6 6. Bd3 0-0 7. Nf3 Nxe4 8. Bxe4 c5 9. c3 Nc6 10. Be3 cxd4 11. cxd4 Qa5+ 12. Kf2 Nb4 13. a3 Nd5 14. Bd2 Qb6 15. b4 Bd7 16. Bxd5 exd5 17. Be3 Bf5 18. Ne5 Rac8 19. Rc1 Rxc1 20. Qxc1 Rc8 21. Qd1 Rc2+ 22. Kg3 Bh4+ 23. Kxh4 Rxg2 24. Qh5 Qf6+ 25. Qg5 Rxg5 26. fxg5 Qe6 27. Rc1 h6 28. Rc7 hxg5+ 29. Bxg5 f6 30. Bf4 fxe5 31. Bxe5 Qh6+ 32. Kg3 Qe3+ 33. Kh4 Qh3+ 34. Kg5 Qg4# 0-1

[Event "Titled Tuesday intern op 08th Aug Late"]
[Site "Chess.com INT"]
[Date "2023.08.08"]
[Round "5"]
[White "Ortmann, David"]
[Black "Butti, Enrique"]
[Result "0-1"]
[WhiteElo "2310"]
[BlackElo "1981"]
[PlyCount "68"]
[EventDate "2023.08.08"]
[EventType "swiss (blitz)"]
[EventRounds "11"]
[EventCountry "USA"]
[SourceTitle "EXT 2024"]
[Source "ChessBase"]
[SourceDate "2023.10.10"]
[SourceVersion "1"]
[SourceVersionDate "2023.10.10"]
[SourceQuality "1"]

1. Nf3 d6 2. d4 Bg4 3. c4 Nd7 4. Nc3 e5 5. g3 Ngf6 6. dxe5 dxe5 7. Be3 Bb4 8. Qb3 Bxc3+ 9. Qxc3 Bxf3 10. exf3 Qe7 11. Bh3 0-0 12. 0-0 a5 13. Rfe1 Rfe8 14. f4 e4 15. Rad1 b6 16. Bd4 c5 17. Bxf6 Nxf6 18. Bg2 Qc7 19. Rd2 h6 20. Red1 Rad8 21. h3 Rxd2 22. Qxd2 Qc6 23. Qd6 Qa4 24. b3 Qxa2 25. Qxb6 Qe2 26. Rf1 e3 27. fxe3 Qxe3+ 28. Kh2 Qd2 29. Qxc5 Re2 30. Qc8+ Kh7 31. Rg1 g6 32. Qb7 Kg7 33. c5 Nh5 34. c6 Qe3 0-1

[Event "Titled Tuesday intern op 08th Aug Late"]
[Site "Chess.com INT"]
[Date "2023.08.08"]
[Round "1"]
[White "Weishaeutel, Moritz"]
[Black "Ortmann, David"]
[Result "1-0"]
[WhiteElo "2427"]
[BlackElo "2310"]
[PlyCount "123"]
[EventDate "2023.08.08"]
[EventType "swiss (blitz)"]
[EventRounds "11"]
[EventCountry "USA"]
[SourceTitle "EXT 2024"]
[Source "ChessBase"]
[SourceDate "2023.10.10"]
[SourceVersion "1"]
[SourceVersionDate "2023.10.10"]
[SourceQuality "1"]

1. e4 e6 2. d4 d5 3. exd5 exd5 4. Nf3 Nc6 5. Nc3 Bg4 6. Bb5 Bb4 7. 0-0 Nge7 8. h3 Bh5 9. a3 Bd6 10. Bg5 f6 11. Be3 Qd7 12. Be2 0-0-0 13. Nb5 Rhe8 14. b4 Nf5 15. Nxd6+ Qxd6 16. Bc1 Rxe2 17. Qxe2 Ncxd4 18. Qd3 Nxf3+ 19. gxf3 Nh4 20. f4 Nf3+ 21. Kg2 Bg6 22. Qe3 Be4 23. Kg3 f5 24. Qxf3 Qg6+ 25. Qg4 fxg4 26. hxg4 h5 27. f3 Bxc2 28. f5 Qd6+ 29. Bf4 Qc6 30. Rac1 hxg4 31. fxg4 d4 32. Rxc2 Qxc2 33. Rc1 Qd3+ 34. Kh4 c6 35. Kg5 Qf3 36. Re1 d3 37. Re7 Qd5 38. Rc7+ Kb8 39. Rd7+ Kc8 40. Rxd5 Rxd5 41. Bd2 Rd4 42. Kh5 Re4 43. g5 Kd7 44. Kg6 Re2 45. Bf4 Rf2 46. Be3 Ke8 47. f6 Rf3 48. Kxg7 Rxe3 49. f7+ Kd7 50. f8Q Kc7 51. Qf4+ Kb6 52. Qxe3+ Kb5 53. Qxd3+ Ka4 54. Qc4 b5 55. Qxc6 Kxa3 56. Qxb5 Ka2 57. Qa5+ Kb2 58. Qxa7 Kb3 59. b5 Kc4 60. b6 Kd5 61. b7 Ke6 62. b8Q 1-0

[Event "GER Cup Net Final-A U2400"]
[Site "Playchess.com INT"]
[Date "2020.06.06"]
[Round "11"]
[White "Berger, Steve"]
[Black "Ortmann, David"]
[Result "0-1"]
[WhiteElo "2279"]
[BlackElo "2063"]
[PlyCount "120"]
[EventDate "2020.06.06"]
[EventType "swiss (blitz)"]
[EventRounds "13"]
[EventCountry "GER"]
[SourceTitle "CBM 197 Extra"]
[Source "ChessBase"]
[SourceDate "2020.09.30"]
[SourceVersion "1"]
[SourceVersionDate "2020.09.30"]
[SourceQuality "1"]

1. e4 e6 2. d4 d5 3. exd5 exd5 4. Nf3 Bg4 5. h3 Bh5 6. Qe2+ Qe7 7. Be3 Nc6 8. Nc3 0-0-0 9. 0-0-0 Qe8 10. g4 Bg6 11. Bg2 Bb4 12. Nb1 f6 13. Ne1 Nh6 14. c3 Ba5 15. Nd3 Bb6 16. Rhe1 Kb8 17. Bxh6 gxh6 18. Qxe8 Rhxe8 19. Nf4 Bf7 20. Rxe8 Rxe8 21. Bxd5 Bxd5 22. Nxd5 Re2 23. Rf1 Na5 24. Nf4 Re4 25. Nd3 Nc4 26. Re1 Nd6 27. Nd2 Rxe1+ 28. Nxe1 c5 29. dxc5 Bxc5 30. Nd3 Bb6 31. Kc2 Kc8 32. f3 Kd7 33. Ne4 Nxe4 34. fxe4 Ke6 35. b4 h5 36. a4 hxg4 37. hxg4 Kf7 38. Kb3 Kg6 39. a5 Bc7 40. Nc5 b6 41. axb6 axb6 42. Ne6 Be5 43. c4 Kf7 44. Nd8+ Kg6 45. Nc6 Bd6 46. Kc3 Kg5 47. Kd4 Kxg4 48. Kd5 Bf4 49. c5 bxc5 50. b5 h5 51. b6 h4 52. e5 fxe5 53. Nxe5+ Kf5 54. Nf7 Bb8 55. Nd6+ Kg4 56. Nc4 h3 57. Ne3+ Kf3 58. Nf1 Kg2 59. Ne3+ Kf3 60. Nf1 Ke2 0-1

[Event "GER Cup Net Final-A U2400"]
[Site "Playchess.com INT"]
[Date "2020.06.06"]
[Round "7"]
[White "Dauner, Benedikt"]
[Black "Ortmann, David"]
[Result "1-0"]
[WhiteElo "2063"]
[BlackElo "2063"]
[PlyCount "69"]
[EventDate "2020.06.06"]
[EventType "swiss (blitz)"]
[EventRounds "13"]
[EventCountry "GER"]
[SourceTitle "CBM 197 Extra"]
[Source "ChessBase"]
[SourceDate "2020.09.30"]
[SourceVersion "1"]
[SourceVersionDate "2020.09.30"]
[SourceQuality "1"]

1. d4 d5 2. Bf4 Nf6 3. e3 c5 4. c3 Nc6 5. Nd2 Bf5 6. Ngf3 e6 7. Qb3 Qb6 8. Qxb6 axb6 9. Bb5 Nd7 10. Nh4 Bg4 11. h3 Bh5 12. g4 Bg6 13. Nxg6 hxg6 14. a4 Be7 15. Ke2 g5 16. Bg3 f6 17. Rh2 Kf7 18. Rah1 e5 19. e4 dxe4 20. d5 Ncb8 21. Nxe4 Nf8 22. h4 gxh4 23. Bxh4 Ng6 24. Bg3 Rxh2 25. Rxh2 Na6 26. d6 Bf8 27. Bc4+ Ke8 28. Rh7 Rd8 29. Bb5+ Kf7 30. Bc4+ Ke8 31. Nxf6+ gxf6 32. Bb5+ Rd7 33. Rxd7 Nb8 34. Rxb7+ Kd8 35. Rxb8# 1-0

[Event "Berlin-UKR Internet m"]
[Site "Chess.com INT"]
[Date "2020.04.09"]
[Round "1"]
[White "Grinev, Valeriy"]
[Black "Ortmann, David"]
[Result "1-0"]
[WhiteElo "2441"]
[BlackElo "2326"]
[PlyCount "79"]
[EventDate "2020.04.09"]
[EventType "schev (rapid)"]
[EventRounds "4"]
[EventCountry "GER"]
[SourceTitle "CBM 195 Extra"]
[Source "ChessBase"]
[SourceDate "2020.05.31"]
[SourceVersion "1"]
[SourceVersionDate "2020.05.31"]
[SourceQuality "1"]
[WhiteTeam "UKR Chess.com"]
[BlackTeam "Berlin Spaeti Bears"]
[WhiteTeamCountry "UKR"]
[BlackTeamCountry "GER"]

1. d4 d5 2. c4 c6 3. cxd5 cxd5 4. Nc3 Nf6 5. Bf4 Nc6 6. e3 Bf5 7. Be2 e6 8. g4 Bg6 9. h4 h5 10. g5 Nd7 11. a3 Be7 12. Nh3 Rc8 13. Bg3 Na5 14. Nf4 Qb6 15. Nxg6 fxg6 16. Na4 Qb3 17. Bd3 Qxd1+ 18. Rxd1 Kf7 19. Ke2 Nc4 20. Rb1 b5 21. Nc3 a6 22. Rhc1 Ndb6 23. Nd1 Na5 24. Rc7 Nac4 25. Rc1 Rxc7 26. Bxc7 Rc8 27. Bg3 a5 28. f3 a4 29. Be1 Bd6 30. f4 Be7 31. Rc2 Rc7 32. Nc3 Nc8 33. Nxb5 Rb7 34. Bxc4 dxc4 35. Nc3 Nb6 36. Nb1 Nd5 37. Nd2 c3 38. bxc3 Rb3 39. Nxb3 axb3 40. Rb2 1-0

[Event "Berlin-UKR Internet m"]
[Site "Chess.com INT"]
[Date "2020.04.09"]
[Round "4"]
[White "Skliarov, Viktor"]
[Black "Ortmann, David"]
[Result "1/2-1/2"]
[WhiteElo "2376"]
[BlackElo "2326"]
[PlyCount "123"]
[EventDate "2020.04.09"]
[EventType "schev (rapid)"]
[EventRounds "4"]
[EventCountry "GER"]
[SourceTitle "CBM 195 Extra"]
[Source "ChessBase"]
[SourceDate "2020.05.31"]
[SourceVersion "1"]
[SourceVersionDate "2020.05.31"]
[SourceQuality "1"]
[WhiteTeam "UKR Chess.com"]
[BlackTeam "Berlin Spaeti Bears"]
[WhiteTeamCountry "UKR"]
[BlackTeamCountry "GER"]

1. e4 e6 2. d4 d5 3. e5 c5 4. c3 Nc6 5. Nf3 Bd7 6. a3 Rc8 7. b4 cxd4 8. cxd4 b5 9. Bd3 a5 10. bxa5 Nxa5 11. 0-0 Ne7 12. Bd2 Nc4 13. Bb4 Nc6 14. Bxf8 Kxf8 15. Nbd2 g6 16. Nb3 Qe7 17. Qc1 Kg7 18. Qf4 Rhf8 19. Rfe1 f6 20. exf6+ Rxf6 21. Qg3 Rcf8 22. h4 Bc8 23. h5 Nd6 24. Nc5 Nf5 25. Bxf5 Rxf5 26. hxg6 hxg6 27. Nh4 Rg5 28. Rxe6 Rxg3 29. Rxe7+ Nxe7 30. fxg3 g5 31. Nf3 g4 32. Ne5 Nf5 33. Rf1 Nxd4 34. Rxf8 Kxf8 35. Ng6+ Kf7 36. Nf4 Ke7 37. Ncd3 Kd6 38. Nb4 Bb7 39. Kf2 Kc5 40. Ke3 Kc4 41. Nfd3 Kc3 42. Nc5 Ba8 43. Kf4 Kb2 44. Kxg4 Kxa3 45. Ncd3 Kb3 46. Kh5 Nc2 47. Na6 d4 48. g4 Bxg2 49. g5 Kc4 50. Nf4 Be4 51. g6 Bxg6+ 52. Kxg6 d3 53. Nxd3 Kxd3 54. Kf5 Kd4 55. Kf4 Ne3 56. Kf3 Nd5 57. Ke2 Nf4+ 58. Kd2 Nd3 59. Kc2 Nc5 60. Nxc5 Kxc5 61. Kc3 b4+ 62. Kb3 1/2-1/2

[Event "Berlin Lichtenberger op 18th"]
[Site "Berlin"]
[Date "2019.08.20"]
[Round "4"]
[White "Bruemmel, Arend"]
[Black "Ortmann, David"]
[Result "0-1"]
[WhiteElo "2129"]
[BlackElo "2340"]
[PlyCount "72"]
[EventDate "2019.08.17"]
[EventType "swiss"]
[EventRounds "9"]
[EventCountry "GER"]
[SourceTitle "EXT 2020"]
[Source "ChessBase"]
[SourceDate "2019.10.17"]
[SourceVersion "1"]
[SourceVersionDate "2019.10.17"]
[SourceQuality "1"]

1. Nf3 d5 2. e3 Nf6 3. c4 c6 4. Nc3 g6 5. b3 Bg7 6. Bb2 0-0 7. Be2 Nbd7 8. Qc2 Nc5 9. cxd5 cxd5 10. Nb5 Nce4 11. Bd4 Bf5 12. Qb2 a6 13. Nc3 Rc8 14. b4 Nxc3 15. Bxc3 Ne8 16. Nd4 Be4 17. 0-0 e5 18. Nb3 d4 19. exd4 exd4 20. Bxd4 Rc2 21. Bxg7 Rxb2 22. Bxb2 Qg5 23. g3 Nd6 24. Rac1 Re8 25. Rc5 Qh6 26. Rfc1 Bc6 27. Re5 Rxe5 28. Bxe5 Ne4 29. f4 f6 30. Bd4 Qh3 31. Bf3 Nxg3 32. Bxc6 Ne2+ 33. Kf2 Qxh2+ 34. Ke3 Nxc1 35. Bd5+ Kg7 36. Nxc1 Qg1+ 0-1

[Event "Stuttgart-chA int"]
[Site "Ditzingen"]
[Date "2018.05.10"]
[Round "1"]
[White "Ortmann, David"]
[Black "Poysti, Nathanael Nicolai"]
[Result "1-0"]
[WhiteElo "2322"]
[BlackElo "1977"]
[PlyCount "73"]
[EventDate "2018.05.10"]
[EventType "swiss"]
[EventRounds "7"]
[EventCountry "GER"]
[SourceTitle "EXT 2020"]
[Source "ChessBase"]
[SourceDate "2019.10.17"]
[SourceVersion "1"]
[SourceVersionDate "2019.10.17"]
[SourceQuality "1"]

1. Nf3 Nf6 2. c4 c5 3. Nc3 b6 4. g3 Bb7 5. Bg2 g6 6. 0-0 Bg7 7. d4 cxd4 8. Qxd4 Na6 9. Be3 0-0 10. Qh4 Nc5 11. Rfd1 Rc8 12. Rac1 Re8 13. b3 d6 14. Bh6 Bh8 15. Bh3 Rb8 16. Ng5 Bc8 17. Bg2 a6 18. e4 Qc7 19. b4 Ne6 20. Nd5 Qa7 21. Nxe6 Bxe6 22. Bg5 Bxd5 23. cxd5 b5 24. Be3 Qa8 25. e5 dxe5 26. d6 e4 27. Bg5 Rb6 28. d7 Rd8 29. Bxe4 Qb8 30. Bc6 Qc7 31. Bg2 Qb8 32. Bh3 Qa8 33. Rc8 Rb8 34. Qf4 Rbxc8 35. dxc8Q Rxc8 36. Bxc8 Qxc8 37. Qd4 1-0

[Event "BL2-Sued 1718"]
[Site "Germany"]
[Date "2018.02.25"]
[Round "10.3"]
[White "Klekowski, Maciej"]
[Black "Ortmann, David"]
[Result "1-0"]
[WhiteElo "2484"]
[BlackElo "2312"]
[PlyCount "57"]
[EventDate "2017.10.21"]
[EventType "team-tourn"]
[EventRounds "10"]
[EventCountry "GER"]
[SourceTitle "CBM 183 Extra"]
[Source "ChessBase"]
[SourceDate "2018.04.19"]
[SourceVersion "1"]
[SourceVersionDate "2018.04.19"]
[SourceQuality "1"]
[WhiteTeam "Heusenstamm"]
[BlackTeam "Boeblingen"]
[WhiteTeamCountry "GER"]
[BlackTeamCountry "GER"]

1. e4 e6 2. d4 d5 3. Nd2 Nf6 4. e5 Nfd7 5. Bd3 c5 6. c3 Nc6 7. Ne2 cxd4 8. cxd4 f6 9. exf6 Nxf6 10. 0-0 Bd6 11. Nf3 Qc7 12. Bg5 0-0 13. Rc1 h6 14. Bh4 Nh5 15. Bg6 Rxf3 16. Bxh5 Bxh2+ 17. Kh1 Rf8 18. g3 g5 19. Kxh2 gxh4 20. Rc3 e5 21. dxe5 Qxe5 22. Nf4 Rxf4 23. gxf4 Qxf4+ 24. Kh1 d4 25. Rf3 Qd6 26. Rg1+ Kh8 27. Rg6 Qd5 28. Rxh6+ Kg7 29. Qg1+ 1-0

[Event "Boeblingen op 34th"]
[Site "Boeblingen"]
[Date "2017.12.27"]
[Round "3"]
[White "Iniyan, Panneerseluam"]
[Black "Ortmann, David"]
[Result "1-0"]
[WhiteElo "2452"]
[BlackElo "2305"]
[PlyCount "111"]
[EventDate "2017.12.26"]
[EventType "swiss"]
[EventRounds "9"]
[EventCountry "GER"]
[SourceTitle "CBM 182 Extra"]
[Source "ChessBase"]
[SourceDate "2018.02.23"]
[SourceVersion "1"]
[SourceVersionDate "2018.02.23"]
[SourceQuality "1"]

1. d4 d5 2. c4 c6 3. Nf3 Nf6 4. Nc3 dxc4 5. a4 Bf5 6. Ne5 Nbd7 7. Nxc4 Qc7 8. Bg5 e5 9. e3 exd4 10. Bf4 Qd8 11. Qxd4 Bc5 12. Nd6+ Bxd6 13. Bxd6 Qb6 14. Qd2 a5 15. Rc1 Rd8 16. e4 Be6 17. Nb5 Nxe4 18. Nc7+ Qxc7 19. Bxc7 Nxd2 20. Kxd2 Ra8 21. Bc4 Bxc4 22. Rxc4 0-0 23. Rd4 Nf6 24. f3 Nd5 25. Bg3 Rfe8 26. Rc1 f6 27. Rc5 Re6 28. Re4 Kf7 29. Ke2 Rae8 30. Rxa5 Rxe4+ 31. fxe4 Rxe4+ 32. Kd3 Rb4 33. Kc2 Ne3+ 34. Kc3 Re4 35. Ra7 Re7 36. a5 Ke6 37. Kd4 Nxg2 38. a6 bxa6 39. Rxa6 Kd7 40. Kc5 f5 41. Bd6 Re1 42. Ra7+ Ke6 43. Re7+ Kf6 44. Rxe1 Nxe1 45. Kxc6 f4 46. Bxf4 Nd3 47. Bd2 Nxb2 48. Bc3+ Kf5 49. Bxb2 g5 50. Kd5 Kg4 51. Ke4 Kh3 52. Be5 h5 53. Kf5 g4 54. Bg3 h4 55. Kf4 Kg2 56. Kxg4 1-0

[Event "Oberliga Wuerttemberg 1617"]
[Site "Wuerttemberg"]
[Date "2016.10.30"]
[Round "3.2"]
[White "Ortmann, David"]
[Black "Gheng, Josef"]
[Result "1/2-1/2"]
[WhiteElo "2311"]
[BlackElo "2337"]
[PlyCount "72"]
[EventDate "2016.09.25"]
[EventType "team-tourn"]
[EventRounds "11"]
[EventCountry "GER"]
[SourceTitle "EXT 2019"]
[Source "ChessBase"]
[SourceDate "2018.10.10"]
[SourceVersion "1"]
[SourceVersionDate "2018.10.10"]
[SourceQuality "1"]
[WhiteTeam "Boeblingen"]
[BlackTeam "Erdmannhausen"]
[WhiteTeamCountry "GER"]
[BlackTeamCountry "GER"]

1. d4 Nf6 2. c4 e6 3. Nf3 c6 4. e3 a6 5. Bd3 d5 6. 0-0 c5 7. cxd5 Nxd5 8. a3 Nc6 9. e4 Nf6 10. dxc5 Bxc5 11. Bg5 h6 12. Bh4 g5 13. Bg3 Nh5 14. Ne5 Nxg3 15. Nxc6 bxc6 16. hxg3 Bd4 17. Qc2 Bd7 18. Nd2 Qf6 19. Rab1 c5 20. Nf3 0-0 21. Nxd4 cxd4 22. Qc7 Bb5 23. e5 Qd8 24. Qxd8 Rfxd8 25. Rfd1 Rac8 26. Bxb5 axb5 27. Rbc1 Rxc1 28. Rxc1 d3 29. f3 Rd5 30. Rd1 Kg7 31. Kf2 Kg6 32. g4 d2 33. Ke3 Rxe5+ 34. Kxd2 f5 35. gxf5+ exf5 36. Re1 Kf6 1/2-1/2